| 000 | 00722nac a22001931u 4500 | ||
|---|---|---|---|
| 008 | 101011t xxu||||| |||| 00| 0 eng d | ||
| 010 | _a99067431 | ||
| 020 | _a0735709211 | ||
| 082 | 0 | 0 |
_a005.756 _bDUB |
| 100 |
_aDuBois, Paul, _920270 |
||
| 245 | 1 | 0 |
_aMy SQL / _cPaul DuBois. |
| 260 |
_aIndianapolis, IN : _bNew Riders, _c1999. |
||
| 300 |
_axxix, 756 p. : _bill. ; _c23 cm. |
||
| 500 | _aIncludes index. | ||
| 650 | 0 |
_aSQL (Computer program language) _920271 |
|
| 650 | 0 |
_aDatabase management. _911309 |
|
| 942 |
_cBB _k005.756DUB _2ddc |
||
| 999 |
_c586 _d586 |
||